Statistics for 25 English Speaking YouTubers with Most Subscribers

Click here to take the quiz!

General Stats

  • This quiz has been taken 25 times
  • The average score is 5 of 25

Answer Stats

SubscribersYoutuber% Correct
87 millionPewDiePie
91%
15 millionMrBeast
59%
21 millionDanTDM
45%
20 millionKSI
41%
21 millionjacksepticeye
36%
23 millionMarkiplier
36%
18 millionLogan Paul Vlogs
32%
18 millionJake Paul
27%
14 millionJames Charles
18%
24 millionSmosh
18%
21 millionNinja
14%
16 millionAli-A
9%
19 millionJennaMarbles
9%
21 millionnigahiga
9%
39 millionDude Perfect
5%
15 millionGood Mythical Morning
5%
16 millionLiza Koshy
5%
16 millionPopularMMOs
5%
20 millionshane
5%
24 millionVanossGaming
5%
17 millionCollins Key
0%
18 millionRyan ToysReview
0%
15 millionThe ACE Family
0%
15 millionThe Atwoods
0%
15 millionVlad and Nikita
0%

Score Distribution

Percentile by Number Answered

Percent of People with Each Score

Your Score History

You have not taken this quiz